Villes françaises à moins de 2h de Paris en train (mort subite) - Statistiques

Statistiques générales
  • Ce quiz a été pris 354 fois
  • Le résultat moyen est 4 sur 10
Answers on the Grid
Answers color-coded by a green-red scale on the quiz's grid according to % correct below.
Auxerre
Avignon
Besançon
Bordeaux
Bourges
Charleville-Mézières
Cherbourg
Clermont-Ferrand
Dunkerque
Limoges
Lyon
Metz
Mulhouse
Nantes
Poitiers
Rennes
Rouen
Strasbourg
 
Statistiques - réponses
Réponse % Correct
1h15 Rouen
57%
1h25 Rennes
48%
1h35 Auxerre
47%
1h45 Lyon
44%
1h25 Metz
37%
1h55 Nantes
37%
1h55 Dunkerque
32%
1h45 Strasbourg
31%
1h15 Poitiers
29%
1h45 Charleville-Mézières
20%
Aucun quiz correspondant
Distribution des résultats
% des personnes avec chaque résultat
Percentile par nombre de réponses
Votre historique - résultats
Vous n’avez pas pris ce quiz